000 01881nam a2200385 c 4500
003 BLK
005 20180421000605.0
008 180411b bul|||||r ||||||| ||bul||
010 _aKNG00198723000
020 _a978-619-90480-0-9
_bиздат.: Славина Петровска
040 _aBLK
041 _aBUL
_cBUL
072 7 _2bullib
_aН6201
_xМениджмънт Н
080 _aМетоди на управление. Мениджмънт. Анализи, планиране, ръководство, сътрудничество, контрол, коопериране и др.
_b005.5
_x(038.1)
_z005.5(038.1)
080 _aРазлични категории думи
_b81`373.4
_x:65.012
_z81`373.4:65.012
100 1 _aПетровски, Иван
_eпърви автор
_9261009
139 _aПетровски, Иван
_bП 47
245 1 0 _aРечник по мениджмънт
_bУказ. на осн. термини, терминологични съчетания и изрази, използвани в организационния мениджмънт (ОМ)
_cИван Петровски.
257 _aBGR
260 София
_bСлавина Петровска
_c2015
_fСофия : ПК
300 _a416 с.
_c21 см
380 _a80
500 _aСъдържа и за авт. - Азб. показалец на осн. термини.
650 4 _aУправление и организация - терминология - речници
_9344921
650 4 _aМениджмънт
_9161870
653 _aмениджмънт
653 _aуправление
653 _aтерминологични речници
659 _aН
852 _aЦб 283793
856 4 _qpdf
_u
856 4 _qpdf
_u
942 _cKNG
_n0
944 _aCR
_c21.12.2016
_lф /
_kВиолета_Тройчева
944 _aED
_c07.02.2017
_lф /
_kЛюдмила_Стоянова
999 _c189677
_d189677